[Event "Icaro Open"]
[Site "Mexico City MEX"]
[Date "2007.04.29"]
[Round "6"]
[White "Ibarra Chami,L"]
[Black "Zapata,Alo"]
[Result "0-1"]
[WhiteElo "2325"]
[BlackElo "2486"]

1.e4 c5 2.Nc3 e6 3.Nf3 a6 4.d4 cxd4 5.Nxd4 Qc7 6.Bd3 Nc6 7.Nxc6 dxc6 8.O-O e5
9.f4 Nf6 10.Kh1 Bd6 11.f5 b5 12.Qf3 Bb7 13.a4 h6 14.Rd1 O-O 15.g4 Nh7 16.f6 Nxf6
17.Bxh6 Be7 18.Be3 Rad8 19.Rg1 Nh7 20.Ne2 c5 21.Ng3 c4 22.Be2 Ng5 23.Qg2 Ne6
24.Raf1 Bc5 25.Bxc5 Qxc5 26.Nh5 Ng5 27.Bf3 Qe3 28.Ng3 Rd2 29.Nf5 Qxf3 30.Rxf3 Rxg2
31.Kxg2 Bxe4 32.Nh4 f5  0-1

[Event "I Open Casino"]
[Site "Lugano SUI"]
[Date "2007.04.30"]
[Round "4"]
[White "Zoldan,M"]
[Black "Erdelyi,T"]
[Result "1-0"]
[WhiteElo "2121"]
[BlackElo "2207"]

1.e4 c5 2.Nf3 e6 3.d4 cxd4 4.Nxd4 a6 5.Nc3 Qc7 6.Bd3 Bc5 7.Nb3 Be7 8.Be3 d6
9.f4 Nf6 10.O-O h5 11.a4 b6 12.Qe2 Nbd7 13.Rae1 Bb7 14.f5 e5 15.Bg5 h4 16.Bc4 Nh5
17.Bc1 Qd8 18.Bd5 Bxd5 19.Nxd5 Kf8 20.Rd1 Ndf6 21.Nxe7 Kxe7 22.Bg5 Nf4 23.Rxf4 exf4
24.e5  1-0

[Event "Grand Prix Open"]
[Site "Galatzi ROM"]
[Date "2007.05.10"]
[Round "3"]
[White "Iordachescu,V"]
[Black "Manolache,M"]
[Result "1-0"]
[WhiteElo "2587"]
[BlackElo "2504"]

1.e4 c5 2.Nf3 e6 3.Nc3 a6 4.d4 cxd4 5.Nxd4 Qc7 6.Bd3 Nf6 7.f4 d6 8.Qf3 g6
9.h3 Bg7 10.Be3 Nc6 11.Qf2 Bd7 12.O-O-O Nb4 13.Kb1 O-O 14.g4 Rac8 15.f5 exf5
16.gxf5 d5 17.e5 Qxe5 18.Bf4 Qe7 19.Qh2 Qc5 20.Be5 Qb6 21.Nb3 Nxd3 22.cxd3 Bxf5
23.Rhf1 Rfe8 24.Rxf5 gxf5 25.Bd4 Qe6 26.Rg1 Kh8 27.Qg3 Rg8 28.Qf2 Nh5 29.Re1 Bxd4
30.Nxd4 Rg2 31.Qf1 Ng3 32.Rxe6 Nxf1 33.Re7 Kg7 34.Nxf5+ Kf6  1-0

[Event "Grand Prix Open"]
[Site "Galatzi ROM"]
[Date "2007.05.11"]
[Round "4"]
[White "Sandor,Petr"]
[Black "Szabo,G ROM"]
[Result "0-1"]
[WhiteElo "2219"]
[BlackElo "2512"]

1.e4 c5 2.Nf3 e6 3.d4 cxd4 4.Nxd4 a6 5.Nc3 b5 6.Bd3 d6 7.O-O Nf6 8.Be3 Bb7
9.a3 Be7 10.f4 Nbd7 11.f5 e5 12.Nb3 Rc8 13.Qf3 Nb6 14.Rad1 Qc7 15.h3 d5 16.exd5 Nbxd5
17.Nxd5 Bxd5 18.Qf2 O-O 19.Na1 Bd6 20.c3 e4 21.Bb6 Qe7 22.Be2 Qe5 23.g4 e3
24.Bxe3 Ne4  0-1

[Event "25th Liechtenstein Open"]
[Site "Triesen LIE"]
[Date "2007.05.12"]
[Round "2"]
[White "Leali,C"]
[Black "Mertens,K"]
[Result "1/2-1/2"]
[WhiteElo "1871"]
[BlackElo "2092"]

1.e4 c5 2.Nf3 e6 3.d4 cxd4 4.Nxd4 a6 5.Nc3 Qc7 6.Bd3 b5 7.O-O Bb7 8.Re1 d6
9.Bg5 Be7 10.Bxe7 Nxe7 11.Qg4 O-O 12.h4 Nd7 13.h5 Ne5 14.Qg3 h6 15.Rad1 Qb6
16.Nf3 N7c6 17.Nxe5 Nxe5 18.Qe3 Qxe3 19.Rxe3 Ng4 20.Rh3 Rfd8 21.f3 Nf6 22.a3 e5
23.Kf2 Nh7 24.Rhh1 Ng5 25.Ne2 d5 26.exd5 Bxd5 27.Nc3 Bb7 28.Rhe1 f6 29.Bf5 Kf8
30.Rxd8+ Rxd8 31.Rd1 Rxd1 32.Nxd1 Ke7 33.Ne3 Nf7 34.c4 bxc4 35.Nxc4 Nd6 36.Nxd6 Kxd6
37.Ke3 Kc5 38.Kd3 Bc6 39.Kc3 Bb5 40.Bd3 Be8 41.g4 a5 42.b4+ axb4+ 43.axb4+ Kb6
44.Be4 Bb5 45.Ba8 Bf1 46.Be4 Bb5 47.Ba8 Bf1  1/2-1/2

[Event "25th Liechtenstein Open"]
[Site "Triesen LIE"]
[Date "2007.05.16"]
[Round "6"]
[White "Stasans,A"]
[Black "Mertens,K"]
[Result "1-0"]
[WhiteElo "2244"]
[BlackElo "2092"]

1.e4 c5 2.Nf3 e6 3.d4 cxd4 4.Nxd4 a6 5.Nc3 Qc7 6.Bd3 Nf6 7.f4 Bc5 8.Nb3 Ba7
9.e5 Nd5 10.Nxd5 exd5 11.Qf3 b5 12.Bd2 Bb7 13.Ba5 Qc8 14.Qg3 g6 15.Bb4 Nc6
16.Bd6 Nd4 17.Nxd4 Bxd4 18.O-O-O Bb6 19.f5 Rg8 20.fxg6 hxg6 21.Rhf1 Qc6 22.Qg5 Bd8
23.Qf4 f6 24.exf6 Kf7 25.Rde1  1-0

[Event "25th Liechtenstein Open"]
[Site "Triesen LIE"]
[Date "2007.05.17"]
[Round "7"]
[White "Seps,M"]
[Black "Heinig,Wo"]
[Result "1/2-1/2"]
[WhiteElo "2265"]
[BlackElo "2360"]

1.e4 c5 2.Nf3 e6 3.d4 cxd4 4.Nxd4 a6 5.Nc3 Qb6 6.Nb3 Qc7 7.Bd3 Nf6 8.f4 d6
9.Qf3 b5 10.O-O Bb7 11.a3 Nbd7 12.Bd2 g6 13.Rae1 Bg7 14.Qh3 O-O 15.Kh1 Rac8
16.Qh4 d5 17.e5 Ne4 18.Bxe4 dxe4 19.Be3 Nb6 20.Bc5 Rfd8 21.Nxe4 Bxe4 22.Rxe4 Na4
23.Rd4 Nxb2 24.Rxd8+ Rxd8 25.Bd6 Qc8 26.Nd2 Rd7 27.Ne4 Nc4 28.Qf2 Qc6 29.Re1 Nxd6
30.Nxd6 Rc7 31.Re2 Bf8 32.Ne4 Be7 33.Qe3 Rd7 34.h3 Rd1+ 35.Kh2 Qc4 36.Nf2 Bc5
37.Qf3 Rf1 38.Qa8+ Kg7 39.Nd3 Bg1+ 40.Kg3 Rd1 41.Qd8 h5 42.Qf6+ Kg8 43.Qd8+ Kh7
44.Qd7 Kg7 45.Qd8 Qc3 46.Qf6+ Kg8 47.Qd8+ Kh7 48.Qe7 Rxd3+ 49.cxd3 Qxd3+
50.Kh4 Kg8 51.g4 hxg4 52.hxg4 Qxe2 53.Qd8+ Kh7 54.Qf8 Bc5 55.Qxf7+ Kh8 56.Kg5 Qe4
57.Kh6 Qh1+ 58.Kxg6 Qe4+ 59.Kh6 Qh1+ 60.Kg6 Qe4+ 61.Kh6  1/2-1/2

[Event "25th Liechtenstein Open"]
[Site "Triesen LIE"]
[Date "2007.05.19"]
[Round "9"]
[White "Szabo,Kr1"]
[Black "Pavlovic,Milos"]
[Result "1/2-1/2"]
[WhiteElo "2438"]
[BlackElo "2534"]

1.e4 c5 2.Nf3 e6 3.d4 cxd4 4.Nxd4 a6 5.Nc3 Qc7 6.Bd3 Nf6 7.O-O Bc5 8.Nb3 Be7
9.f4 d6 10.Qe2 Nc6 11.Bd2 O-O 12.Rae1 g6 13.e5 Ne8 14.Kh1 Bd7 15.a3 Rd8 16.Nd1 Ng7
17.Bc3 f6 18.exf6 Bxf6 19.Bxf6 Rxf6 20.Ne3 Rff8 21.Ng4 Nh5 22.f5 exf5 23.Bxf5 Rde8
24.Qc4+ Kh8 25.Qc3+ Ng7 26.Bxd7 Qxd7 27.h3 Rxe1 28.Rxe1 h5 29.Nf6 Qd8 30.Ne4 Re8
31.Re2 Qh4 32.Nbd2 d5 33.Qg3 Qxg3 34.Nxg3 Rxe2 35.Nxe2 Ne6 36.Kg1 Kg7 37.Kf2 Kf6
38.Ke3 h4 39.b3 g5 40.Nf3 Ne7 41.Ne1 Nf5+ 42.Kf3 Nc5 43.Kf2 Ne4+ 44.Kf3 b5
45.Nd3 a5 46.a4 b4 47.Ne1 Ke5 48.Nd3+ Kf6 49.Ne1 Ke5 50.Kg4 Ne3+ 51.Kf3 Nf5
52.Nc1 Nd4+ 53.Ke3 Nf5+ 54.Kd3 Nc5+ 55.Kd2 Ne4+ 56.Kd3 Nc5+  1/2-1/2

[Event "1st WCh-Team Women"]
[Site "Ekaterinburg RUS"]
[Date "2007.05.20"]
[Round "1"]
[White "Sikorova,O"]
[Black "Javakhishvili,L"]
[Result "0-1"]
[WhiteElo "2304"]
[BlackElo "2425"]

1.e4 c5 2.Nf3 e6 3.d4 cxd4 4.Nxd4 a6 5.Nc3 Qc7 6.Be3 Bb4 7.Qd2 Nf6 8.Bd3 d5
9.exd5 Nxd5 10.Nde2 Nc6 11.a3 Nxe3 12.Qxe3 Be7 13.h4 b5 14.Ne4 Ne5 15.O-O-O Bb7
16.Nf4 Rc8 17.c3 Nxd3+ 18.Rxd3 Qe5 19.Re1 Rc4 20.f3 Bxe4 21.g3 O-O 22.fxe4 a5
23.Rd7 Bxa3 24.Kb1 b4 25.Rd4 Rc7 26.Rc1 bxc3 27.Rxc3 Rxc3 28.Qxc3 Bb4 29.Qc4 h6
30.Rd7 Rb8 31.Ka2 Bf8 32.b3 a4 33.Qxa4 Qc3 34.Rd3 Qc2+ 35.Ka1 Qc1+ 36.Ka2 Rc8  0-1

[Event "Capo d'Orso"]
[Site "Porto Mannu PAL"]
[Date "2007.05.20"]
[Round "2"]
[White "Virzi,E"]
[Black "Bieg,C"]
[Result "1-0"]
[WhiteElo "1945"]
[BlackElo "2011"]

1.e4 c5 2.Nf3 e6 3.d4 cxd4 4.Nxd4 a6 5.Nc3 Qc7 6.Bd3 Nf6 7.Qe2 d6 8.O-O Be7
9.a4 b6 10.f4 Nbd7 11.Bd2 Bb7 12.Rae1 Nc5 13.b4 Nxd3 14.cxd3 O-O 15.Rc1 Qb8
16.b5 Rc8 17.Kh1 Nd7 18.f5 e5 19.Nc6 Bxc6 20.bxc6 Nc5 21.Nd5 Bf8 22.Rf3 Nb3
23.Nf6+ Kh8 24.Rh3 h6 25.Bxh6 gxh6 26.Qg4 Bg7 27.Qh5 Nxc1 28.Qxf7 Ra7 29.Qg6  1-0

[Event "Capo d'Orso"]
[Site "Porto Mannu PAL"]
[Date "2007.05.20"]
[Round "2"]
[White "Doggers,P"]
[Black "Valenti,G"]
[Result "1-0"]
[WhiteElo "2247"]
[BlackElo "2228"]

1.e4 c5 2.Nf3 e6 3.d4 cxd4 4.Nxd4 a6 5.Nc3 Qc7 6.Bd3 Nf6 7.O-O Be7 8.f4 d6
9.Nf3 Nc6 10.Qe1 Nb4 11.e5 Nxd3 12.cxd3 Nd7 13.Qg3 O-O 14.Be3 Kh8 15.Rac1 Qd8
16.Ne4 d5 17.Nd6 b6 18.b4 a5 19.a3 Ba6 20.Rfd1 axb4 21.axb4 Qb8 22.Bd4 Ra7
23.f5  1-0

[Event "ch-USA"]
[Site "Stillwater USA"]
[Date "2007.05.20"]
[Round "6"]
[White "Kudrin,S"]
[Black "Stripunsky,A"]
[Result "1-0"]
[WhiteElo "2556"]
[BlackElo "2569"]

1.e4 c5 2.Nf3 e6 3.d4 cxd4 4.Nxd4 a6 5.Nc3 b5 6.Bd3 d6 7.O-O Nf6 8.a4 b4
9.Na2 Qb6 10.Nb3 Nc6 11.Be3 Qb8 12.f4 Be7 13.Kh1 e5 14.f5 h6 15.Qe1 Bd7 16.a5 O-O
17.Bb6 Qb7 18.Rd1 Rfc8 19.Nd2 Bf8 20.Nc4 d5 21.exd5 Nxd5 22.Be4 Nf6 23.Nxe5 Be8
24.Bf3 Qb8 25.Nd3 Ne7 26.Naxb4 Rc4 27.b3 Rg4 28.Bxg4 Nxg4 29.Qh4 Nf6 30.Qf4 Qc8
31.Ne5 Nxf5 32.Nd5 Nxd5 33.Rxd5 g6 34.Rd8 Qxd8 35.Bxd8 Rxd8 36.Qc1 Bg7 37.Re1 Nd4
38.b4 Ba4 39.c3 Nf5 40.c4 Nd4 41.Qf4 Nf5 42.g4 Rd4 43.Qf2 Bxe5 44.Rxe5 Rxg4
45.b5 axb5 46.cxb5 Rb4 47.Qe1 Rxb5 48.Re8+ Kh7 49.Qa1 Rb1+ 50.Qxb1 Bxe8 51.Qb6 Ne7
52.Qc5  1-0

[Event "1st WCh-Team Women"]
[Site "Ekaterinburg RUS"]
[Date "2007.05.21"]
[Round "2"]
[White "Blazkova,P"]
[Black "Vasilevich,T"]
[Result "1-0"]
[WhiteElo "2237"]
[BlackElo "2383"]

1.e4 c5 2.Nf3 e6 3.d4 cxd4 4.Nxd4 a6 5.Nc3 Qc7 6.Be3 Nf6 7.f3 Bb4 8.Bd3 d5
9.O-O e5 10.exd5 exd4 11.Bxd4 O-O 12.Bxf6 Qb6+ 13.Kh1 Qxf6 14.Ne4 Qh6 15.f4 Bf5
16.g4 Bxe4+ 17.Bxe4 Nd7 18.c3 Bd6 19.Qf3 g5 20.Qg2 Bxf4 21.Rf3 Qd6 22.c4 h6
23.Bf5 Rac8 24.Rb3 Rxc4 25.Rxb7 Rfc8 26.Bd3 Rc1+ 27.Rxc1 Rxc1+ 28.Bf1 Nf6
29.Rb3 Qxd5 30.Qxd5 Nxd5 31.Rf3 Ne3  1-0

[Event "Capo d'Orso"]
[Site "Porto Mannu PAL"]
[Date "2007.05.21"]
[Round "3"]
[White "Caruana,F"]
[Black "Bruno,Fabi"]
[Result "1-0"]
[WhiteElo "2523"]
[BlackElo "2428"]

1.e4 c5 2.Nf3 e6 3.d4 cxd4 4.Nxd4 a6 5.Nc3 Qc7 6.Be2 Nf6 7.O-O b5 8.Bf3 e5
9.Nf5 b4 10.Nd5 Nxd5 11.Qxd5 Bb7 12.Qd3 a5 13.Rd1 Ba6 14.Qd2 g6 15.Ne3 Qc6
16.Nd5 f6 17.a3 Kf7 18.axb4 axb4 19.Nxb4 Bxb4 20.Qxb4 Qb7 21.Qa5 Qc6 22.Be3 Rc8
23.c3 Bb7 24.Qb4 Rxa1 25.Rxa1 Na6 26.Qb3+ Kg7 27.Rd1 Nc7 28.Qb4 Kg8 29.Rd6 Qb5
30.Qxb5 Nxb5 31.Rxd7 Bc6 32.Re7 g5 33.h4 h6 34.Bg4 Rc7 35.Rxc7 Nxc7 36.hxg5 hxg5
37.f3 Kf7 38.Kf2 Ne6 39.g3 Ke7 40.Ke2 Bb5+ 41.Kd2 Kd6 42.b3 Bf1 43.Bh5 Ng7
44.Bg6 Ne6 45.Bf5 Ng7 46.Bg4 Ne6 47.Ba7 Nd8 48.Bb6 Ne6 49.Bf2 Ke7 50.c4 Nd4
51.Bxd4 exd4 52.c5 Bb5 53.f4 gxf4 54.gxf4 Kd8 55.Be6  1-0

[Event "ch-USA"]
[Site "Stillwater USA"]
[Date "2007.05.21"]
[Round "7"]
[White "Khachiyan,M"]
[Black "Stripunsky,A"]
[Result "1/2-1/2"]
[WhiteElo "2475"]
[BlackElo "2569"]

1.e4 c5 2.Nf3 e6 3.d4 cxd4 4.Nxd4 a6 5.Nc3 Qc7 6.Be2 b5 7.O-O Bb7 8.Re1 Nc6
9.Nxc6 dxc6 10.e5 Bb4 11.Bd3 c5 12.Qg4 Ne7 13.a3 Bxc3 14.bxc3 c4 15.Be4 Bxe4
16.Rxe4 O-O 17.Bg5 Ng6 18.h4 Nxe5 19.Qg3 f6 20.Bxf6 Rxf6 21.Qxe5 Qf7 22.a4 Rf8
23.axb5 Rg6 24.f4 axb5 25.Qxb5 Rg4 26.Qxc4 Rxh4 27.Qxe6 Qxe6 28.Rxe6 Rhxf4
29.Ra7 Rg4 30.Rae7 h5 31.Re8 Rxe8 32.Rxe8+ Kf7 33.Re3 g5 34.Kf2 Kf6 35.Rd3 Rc4
36.Rf3+  1/2-1/2

[Event "3rd UKR Games Women"]
[Site "Evpatoria UKR"]
[Date "2007.05.22"]
[Round "2"]
[White "Breslavska,G"]
[Black "Moskalets,S"]
[Result "1/2-1/2"]
[WhiteElo "2175"]
[BlackElo "2188"]

1.e4 c5 2.Nf3 e6 3.d4 cxd4 4.Nxd4 a6 5.Nc3 b5 6.Be2 Bb7 7.Bf3 Qc7 8.O-O Nc6
9.Re1 Nxd4 10.Qxd4 Ne7 11.Bg5 Nc6 12.Nd5 Qd8 13.Qd2 Be7 14.Nxe7 Nxe7 15.Rad1 Bc6
16.Qd6 f6 17.Bh5+ Ng6 18.Bd2 Qb8 19.Bb4 Qxd6 20.Bxd6 O-O-O 21.f4 Kb7 22.g3 f5
23.Bf3 Rhe8 24.Kf2 fxe4 25.Bxe4 Bxe4 26.Rxe4 Ne7 27.a4 Nf5 28.Rb4 Kc6 29.Be5 d6
30.Bc3 g6 31.Re4 d5 32.Re2 Nd6 33.axb5+ axb5 34.Be5 Ne4+ 35.Ke3 Ra8 36.g4 Ra4
37.h4 Rf8 38.b3 Ra2 39.c4 Rxe2+ 40.Kxe2 bxc4 41.bxc4 dxc4 42.Rd4 Nf6 43.Rxc4+ Kb5
44.Rc7 Nxg4 45.Rxh7 Nxe5 46.fxe5 Rf5 47.Rh6 Rxe5+ 48.Kf3 Rh5 49.Rxh5+ gxh5
50.Kf4 Kc6 51.Kg5 e5 52.Kxh5 e4 53.Kg4 e3 54.Kf3 Kd5 55.Kxe3 Ke5 56.Kf3  1/2-1/2

[Event "3rd UKR Games Women"]
[Site "Evpatoria UKR"]
[Date "2007.05.22"]
[Round "3"]
[White "Arutyunova,D"]
[Black "Breslavska,G"]
[Result "1/2-1/2"]
[WhiteElo "2220"]
[BlackElo "2175"]

1.e4 c5 2.Nf3 e6 3.d4 cxd4 4.Nxd4 a6 5.Nc3 Qc7 6.Be3 b5 7.a3 Bb7 8.Bd3 Nf6
9.f4 d6 10.O-O Be7 11.Qe1 O-O 12.Qg3 Nbd7 13.Kh1 Rfe8 14.Rae1 Rac8 15.Qh3 Nc5
16.Bg1 Bf8 17.e5 Nxd3 18.cxd3 Nd7 19.Qg3 g6 20.Nf3 Bg7 21.Bd4 Bc6 22.Ng5 d5
23.f5 exf5 24.e6 fxe6 25.Qxc7 Rxc7 26.Bxg7 Kxg7 27.Nxe6+ Rxe6 28.Rxe6 Nc5
29.Rd6 Nxd3 30.Nxd5 Bxd5 31.Rxd5 Nxb2 32.Rd6  1/2-1/2

[Event "3rd UKR Games Men"]
[Site "Evpatoria UKR"]
[Date "2007.05.22"]
[Round "3"]
[White "Kobyliansky,I"]
[Black "Borsuk,K"]
[Result "1/2-1/2"]
[WhiteElo "2397"]
[BlackElo "2263"]

1.e4 c5 2.Nf3 e6 3.Nc3 a6 4.d4 cxd4 5.Nxd4 b5 6.Bd3 Bb7 7.O-O Qc7 8.Re1 d6
9.a4 bxa4 10.Rxa4 Be7 11.Qh5 g6 12.Qe2 h5 13.Nb3 Nf6 14.Na5 Nfd7 15.Be3 Ne5
16.Rea1 O-O 17.h3 Nxd3 18.cxd3 Nc6 19.Nxc6 Qxc6 20.Rc4 Qd7 21.Na4 Bd8 22.Nb6 Bxb6
23.Bxb6 Rfc8 24.Rac1 Rxc4 25.Rxc4 Rc8 26.Rxc8+  1/2-1/2

[Event "ch-UZB"]
[Site "Tashkent UZB"]
[Date "2007.05.22"]
[Round "12"]
[White "Iuldachev,S"]
[Black "Filippov,An UZB"]
[Result "1/2-1/2"]
[WhiteElo "2504"]
[BlackElo "2481"]

1.e4 c5 2.Nc3 e6 3.Nf3 a6 4.d4 cxd4 5.Nxd4 Qc7 6.g3 Nc6 7.Bg2 d6 8.O-O Bd7
9.Re1 Be7 10.Nxc6 Bxc6 11.Qg4 h5 12.Qe2 h4 13.a4 hxg3 14.hxg3 Qa5 15.Bf4 Qh5
16.Qxh5 Rxh5 17.Red1 Rd8 18.Rd3 g5 19.Be3 Nf6 20.b4 g4 21.f4 gxf3 22.Bxf3 Re5
23.Bf4 Bxe4 24.Bxe5 Bxd3 25.Bf4 Bxc2 26.Bxb7 d5 27.Rc1 Bd3 28.b5 d4 29.bxa6 dxc3
30.Rxc3 Bb4 31.Rc1 Nd5 32.a7 Nxf4 33.gxf4 Bd2 34.Rc7 Be3+ 35.Kg2 Bxa7 36.Bc6+ Kf8
37.Rxa7 Rc8 38.Ra8 Rxa8 39.Bxa8  1/2-1/2

[Event "1st WCh-Team Women"]
[Site "Ekaterinburg RUS"]
[Date "2007.05.24"]
[Round "5"]
[White "Ohme,M"]
[Black "Andriasian,S"]
[Result "1-0"]
[WhiteElo "2225"]
[BlackElo "2252"]

1.e4 c5 2.Nf3 e6 3.d4 cxd4 4.Nxd4 a6 5.Nc3 Qc7 6.Bd3 b5 7.O-O Bb7 8.Qe2 d6
9.Bd2 Nf6 10.a4 b4 11.Na2 d5 12.e5 Ne4 13.Bxb4 Bxb4 14.Nxb4 Qxe5 15.c3 Qd6
16.Rfd1 Qe7 17.Nb3 a5 18.Bb5+ Kf8 19.Nc2 Nf6 20.Nbd4 Nbd7 21.Re1 g6 22.Qe3 h6
23.b4 Qd6 24.Reb1 Ne5 25.Be2 Nc4 26.Qg3 e5 27.Bxc4 Ne4 28.Nb5 Qe7 29.Qe3 dxc4
30.f3 Nf6 31.bxa5 Kg7 32.Re1 Rhe8 33.Nca3 Nd5 34.Qf2 Nf4 35.Qd2 Qg5 36.Red1 Qh4
37.Kh1 Nd3 38.Kg1 Nc5 39.Nd6 Red8 40.Qe3 Rxd6 41.Rxd6 Ne6 42.Qxe5+ Kg8 43.Qb5 Bxf3
44.gxf3 Ng5 45.Qc6 Ra6 46.Qxa6 Nxf3+ 47.Kg2 Qg4+ 48.Kf2 Ne5 49.Qa8+ Kh7 50.Qg2 Qf4+
51.Kg1 Nf3+ 52.Kh1 Nh4 53.Rd4  1-0

[Event "42nd Capablanca Mem Elite"]
[Site "Havana CUB"]
[Date "2007.05.25"]
[Round "7"]
[White "Quezada Perez,Y"]
[Black "Arencibia Rodriguez,W"]
[Result "0-1"]
[WhiteElo "2541"]
[BlackElo "2555"]

1.e4 c5 2.Nf3 e6 3.d4 cxd4 4.Nxd4 a6 5.Nc3 Qc7 6.Be2 Nf6 7.O-O Nc6 8.Be3 Be7
9.f4 d6 10.Kh1 O-O 11.Qe1 Nxd4 12.Bxd4 b5 13.a3 Bb7 14.Qg3 Rad8 15.Rae1 Rd7
16.Bd3 Qd8 17.Qh3 h6 18.e5 dxe5 19.Bxe5 Bd6 20.Re3 Bxe5 21.fxe5 Nh7 22.Rg3 Kh8
23.Qh5 f5 24.exf6 Rxf6 25.Rxf6 Qxf6 26.h3 Rd8 27.Qg4 Rd4 28.Qh5 Nf8 29.Qe2 Rf4
30.Kg1 Nd7 31.Rg4 Qd4+ 32.Kh1 Nc5 33.Rxf4 Qxf4 34.Qf1 Nxd3 35.Qxd3 e5 36.Qd8+ Kh7
37.Qd3+ Kg8 38.Qd8+ Qf8 39.Qd3 Kh8 40.Qe2 Qf5 41.Kg1 Qg5 42.Nd1 Qc1 43.Kh2 Qf4+
44.Kg1 Qd4+ 45.Kh2 Bd5 46.Nc3 Bg8 47.Qe4 Qd6 48.Kh1 Qf6 49.Kg1 Bf7 50.Qe2 Qg5
51.Qf3 Bg6 52.Qa8+ Kh7 53.Qxa6 Qc1+ 54.Kh2 Qxb2 55.Nxb5 e4 56.c3 e3 57.Nd4 Qxc3
58.Nf3 Be4 59.Qe6 Qc7+ 60.Kg1 Qc2 61.Ne1 Qf2+ 62.Kh2 Qf4+ 63.Kg1 Bf5 64.Qa2 Qd4
65.Qe2 Qd2 66.Kf1 Kh8 67.a4 Bd7 68.Nf3 Qc1+ 69.Qe1 Qc5 70.a5 Bb5+ 71.Kg1 Ba6
72.Kh1 Bb7 73.Ng1 Qc2 74.Qf1 Qf2  0-1

[Event "XXII Felix Cup"]
[Site "Felix Spa ROM"]
[Date "2007.05.26"]
[Round "2"]
[White "Berescu,A"]
[Black "Hegedus,Iu"]
[Result "1-0"]
[WhiteElo "2514"]
[BlackElo "2320"]

1.e4 c5 2.Nf3 e6 3.d4 cxd4 4.Nxd4 a6 5.Nc3 Qc7 6.g3 Nf6 7.Bg2 d6 8.O-O Be7
9.a4 O-O 10.f4 Nc6 11.Nb3 Na5 12.Nxa5 Qxa5 13.Be3 Rb8 14.Kh1 Rd8 15.Qd2 b6
16.Bf3 Qb4 17.Rfd1 Bb7 18.a5 b5 19.Bb6 Rdc8 20.Bd4 Rc4 21.b3 Rc7 22.Qe3 Rbc8
23.Na2 Qa3 24.Nc1 Qb4 25.Nd3  1-0

[Event "XXII Felix Cup"]
[Site "Felix Spa ROM"]
[Date "2007.05.26"]
[Round "3"]
[White "Horvath,LL"]
[Black "Ursente,T"]
[Result "0-1"]
[WhiteElo "2114"]
[BlackElo "1859"]

1.e4 c5 2.Nf3 e6 3.d4 cxd4 4.Nxd4 a6 5.Nc3 Nc6 6.Be3 Nf6 7.Bd3 Be7 8.O-O d6
9.f4 O-O 10.Qf3 e5 11.Nf5 Bxf5 12.fxe5 Bg4 13.Qg3 Nxe5 14.Nd5 Nxd5 15.exd5 Nxd3
16.cxd3 Bh5 17.Bd4 Bg6 18.Rf4 Bg5 19.Rg4 Bf6 20.Be3 Be5 21.Qf2 Qf6 22.Qd2 Qf5
23.h3 Qxd3 24.Qf2 Qxd5  0-1

[Event "Capo d'Orso"]
[Site "Porto Mannu PAL"]
[Date "2007.05.26"]
[Round "9"]
[White "Rombaldoni,Ax"]
[Black "Mogranzini,R"]
[Result "1/2-1/2"]
[WhiteElo "2221"]
[BlackElo "2421"]

1.e4 c5 2.Nf3 e6 3.d4 cxd4 4.Nxd4 a6 5.Nc3 Qc7 6.Be3 Nc6 7.Qd2 Nf6 8.O-O-O Nxd4
9.Qxd4 d6 10.f3 Be7  1/2-1/2

[Event "Okie A"]
[Site "Tulsa USA"]
[Date "2007.05.26"]
[Round "1"]
[White "Smith,Bry"]
[Black "Coleman,M"]
[Result "1-0"]
[WhiteElo "2386"]
[BlackElo "2201"]

1.e4 c5 2.Nf3 e6 3.d4 cxd4 4.Nxd4 a6 5.Nc3 Qc7 6.Bd3 Nf6 7.O-O Be7 8.Qe2 d6
9.f4 Nbd7 10.Kh1 b5 11.Bd2 Bb7 12.b4 O-O 13.a4 bxa4 14.Nxa4 d5 15.e5 Ne4
16.Bxe4 dxe4 17.c4 Rfd8 18.Bc3 Rac8 19.c5 a5 20.Rac1 axb4 21.Bxb4 Nb8 22.Rfd1 Nc6
23.Bc3 Nxd4 24.Bxd4 Bc6 25.Nb6 Rb8 26.h3 g6 27.Qe3 Bd5 28.Nxd5 exd5 29.f5 Qc6
30.Rf1 gxf5 31.Rxf5 Qg6 32.Rcf1 Rb1 33.Rxf7 Rxf1+ 34.Rxf1 Rb8 35.Qd2 Qe6
36.Rf4 Bg5 37.Rf8+ Rxf8 38.Qxg5+ Qg6 39.Qe7 Qf7 40.Qg5+ Qg6 41.Qh4 Rf1+ 42.Kh2 Rf8
43.e6 Qxe6 44.Qg5+ Kf7 45.Qh5+ Ke7 46.Qxh7+ Qf7 47.Qh4+ Kd7 48.Be5  1-0

[Event "10th IHEM"]
[Site "Hamburg GER"]
[Date "2007.05.27"]
[Round "2"]
[White "Chevelevitch,E"]
[Black "Putzbach,G"]
[Result "1-0"]
[WhiteElo "2422"]
[BlackElo "2253"]

1.e4 c5 2.Nf3 e6 3.Nc3 a6 4.d4 cxd4 5.Nxd4 d6 6.Be2 Nf6 7.O-O Be7 8.f4 Qc7
9.Be3 O-O 10.g4 Nc6 11.g5 Nd7 12.Bd3 Nc5 13.Qh5 g6 14.Qh6 Re8 15.Rf3 f6 16.f5 Bf8
17.Qh4 fxg5 18.Qxg5 Ne5 19.Rg3 Qe7 20.f6 Qf7 21.Nf3 Ncxd3 22.cxd3 Nxf3+ 23.Rxf3 Bd7
24.Raf1 Bc6 25.Rg3 Rad8 26.d4 b5 27.a3 Rb8 28.h4 Kh8 29.b4 Rbc8 30.h5 gxh5
31.d5 exd5 32.Bd4 h6 33.Qf4 Re5 34.exd5 Bxd5 35.Bxe5 dxe5 36.Qxe5 Bc4 37.Rf2 Re8
38.Qf4 Re1+ 39.Kh2 Bd5 40.Nxd5 Qxd5 41.Rfg2 Re4 42.Rg8+  1-0

[Event "Okie A"]
[Site "Tulsa USA"]
[Date "2007.05.27"]
[Round "5"]
[White "Jones,K"]
[Black "Coleman,M"]
[Result "0-1"]
[WhiteElo "2211"]
[BlackElo "2201"]

1.e4 c5 2.Nf3 e6 3.d4 cxd4 4.Nxd4 a6 5.Nc3 Qc7 6.Bd3 Nf6 7.O-O Be7 8.a4 O-O
9.a5 Nc6 10.Nb3 d5 11.Be3 dxe4 12.Nxe4 Nd5 13.Bc5 Bxc5 14.Nexc5 Nf4 15.Be4 f5
16.Bd3 Ne5 17.Ra4 Ng4 18.g3 Nh3+ 19.Kg2 Nhxf2 20.Qf3 Nxd3 21.cxd3 Bd7 22.Nxd7 Qc2+
23.Rf2 Nxf2  0-1

[Event "Aldo Perini Mem"]
[Site "Senigallia ITA"]
[Date "2007.05.29"]
[Round "2"]
[White "Samaritani,F"]
[Black "Cattafi,G"]
[Result "1-0"]
[WhiteElo "2266"]
[BlackElo "2061"]

1.e4 c5 2.Nf3 e6 3.d4 cxd4 4.Nxd4 a6 5.Nc3 Qc7 6.Be3 Nf6 7.Qd2 Bb4 8.f3 Nc6
9.O-O-O b5 10.Kb1 Bxc3 11.Qxc3 O-O 12.Nxc6 Qxc6 13.Qxc6 dxc6 14.Bc5 Re8 15.Rd6 Bb7
16.Be2 Rad8 17.Rhd1 Rxd6 18.Rxd6 e5 19.c4 h6 20.Kc2 Re6 21.Rxe6 fxe6 22.Bd6 Nd7
23.Kc3 Kf7 24.Kb4 g5 25.a4 bxa4 26.c5 h5 27.Kxa4 h4 28.Ka5 Nf6 29.Kb6  1-0

[Event "ch-Skopje"]
[Site "Skopje MKD"]
[Date "2007.05.30"]
[Round "1"]
[White "Atanasov,S"]
[Black "Andonovski,L"]
[Result "0-1"]
[WhiteElo "1992"]
[BlackElo "2322"]

1.e4 c5 2.Nf3 e6 3.d4 cxd4 4.Nxd4 a6 5.Nc3 b5 6.a3 Bb7 7.Be2 Nc6 8.Be3 Nf6
9.O-O Qc7 10.Qd2 Rc8 11.f3 Be7 12.Nb3 d6 13.f4 O-O 14.Bf3 Nd7 15.Qf2 Bf6
16.Nd4 Nxd4 17.Bxd4 e5 18.fxe5 Bxe5 19.Bg4 Rce8 20.Rad1 Nf6 21.Bf3 Re6 22.Rd2 Rfe8
23.Bb6 Qe7 24.Nd5 Nxd5 25.exd5 Rh6 26.g3 Bxb2 27.c4 Be5 28.cxb5 axb5 29.Rc2 Bc8
30.Rc7 Qf6 31.Be3 Bh3 32.Rb1 Qf5 33.Rxb5 Rf6 34.Re7 Rf8 35.Bf4 Bxf4 36.gxf4 Qxf4
37.Rb3 Rg6+ 38.Kh1 Bg2+ 39.Kg1 Bxf3+  0-1

[Event "Doroshkevich Mem"]
[Site "Belorechensk RUS"]
[Date "2007.05.31"]
[Round "3"]
[White "Zakarzhaev,M"]
[Black "Beshukov,S"]
[Result "0-1"]
[WhiteElo "2155"]
[BlackElo "2461"]

1.e4 c5 2.Nf3 e6 3.d4 cxd4 4.Nxd4 a6 5.Nc3 b5 6.Be3 Bb7 7.Bd3 Qc7 8.f4 Nf6
9.Qf3 Nc6 10.g4 h6 11.O-O-O Rb8 12.Rhf1 h5 13.h3 h4 14.g5 Nh5 15.Nxc6 Bxc6
16.f5 Rb7 17.fxe6 dxe6 18.g6 f6 19.Qg4 Bd7 20.Ne2 Ng3 21.Nxg3 Qxg3 22.Qe2 e5
23.c4 Qxg6 24.cxb5 axb5 25.Bc2 Be6 26.Qd3 Be7 27.Bb3 Bxb3 28.axb3 Qf7 29.Rg1 O-O
30.Bh6 Rc8+ 31.Kb1 g5 32.Qf3 Rc6 33.Rdf1 Qg6 34.Qd3 Rd6 35.Qc2 Kh7  0-1

[Event "10th IHEM"]
[Site "Hamburg GER"]
[Date "2007.05.31"]
[Round "6"]
[White "Maahs,E"]
[Black "Wiese,P"]
[Result "1-0"]
[WhiteElo "2193"]
[BlackElo "1967"]

1.e4 c5 2.Nc3 e6 3.Nf3 a6 4.d4 cxd4 5.Nxd4 Nc6 6.Nxc6 bxc6 7.Bd3 Qc7 8.O-O Nf6
9.Kh1 e5 10.f4 Bd6 11.Qe1 Rb8 12.b3 h6 13.Ne2 O-O 14.Qh4 Bb7 15.Bb2 c5 16.Ng3 exf4
17.Bxf6 fxg3 18.Qg4 g6 19.Rf5 Rfe8 20.Bc4 Kf8 21.Qh4 h5 22.Rxh5 gxh5  1-0

[Event "8th United Insurance"]
[Site "Dhaka BAN"]
[Date "2007.06.01"]
[Round "7"]
[White "Mohammad,Ali"]
[Black "Chowdhury,So"]
[Result "1-0"]
[WhiteElo "2200"]
[BlackElo "2267"]

1.e4 c5 2.Nf3 e6 3.d4 cxd4 4.Nxd4 a6 5.Nc3 Qc7 6.Be2 Nf6 7.O-O b5 8.e5 Qxe5
9.Bf3 d5 10.Re1 Qd6 11.Nf5 Qd8 12.Nxd5 Nxd5 13.Bxd5 Ra7 14.Qd4 Re7 15.Nxg7+ Bxg7
16.Qxg7 Kd7 17.Bf3 Qg8 18.Qe5  1-0

[Event "35th World Open"]
[Site "King of Prussia USA"]
[Date "2007.06.01"]
[Round "3"]
[White "Khachiyan,M"]
[Black "Kleiman,J"]
[Result "1/2-1/2"]
[WhiteElo "2475"]
[BlackElo "2312"]

1.e4 c5 2.Nf3 e6 3.d4 cxd4 4.Nxd4 a6 5.Nc3 Qc7 6.Be2 b5 7.O-O Bb7 8.Re1 Nc6
9.Nxc6 dxc6 10.e5 Bb4 11.Bd2 c5 12.a3 Bxc3 13.Bxc3 Ne7 14.Qd6 Qc6 15.Qxc6+ Bxc6
16.Ba5 c4 17.Bb4 Nd5 18.Bd6 g5 19.b3 c3 20.Bf3 h5 21.Re3 Kd7 22.Bxd5 Bxd5
23.Rxc3 Rac8 24.Bc5 a5 25.f3 Rhg8 26.b4 g4 27.f4 a4 28.Rf1 h4 29.Re3 h3 30.g3 Kc6
31.f5 exf5 32.Rxf5 Be6 33.Rf4 Rgd8 34.Bd6 Kb7 35.c3 Rc4 36.Rxc4 Bxc4 37.Re4 Be6
38.Rf4 Rc8 39.Bc5 Rd8 40.Bd4 Kc6 41.Kf2 Kd5 42.Ke3 Rg8 43.Bc5 Kxe5 44.Re4+ Kf5
45.Bd4 Rg5  1/2-1/2